Zákony V/2018 zborník úplných znení zákonov a súvisiacich predpisov k 1.1.2018 z oblasti verejnej správy, škôl a obcí
Guardado en:
| Formato: | Libro |
|---|---|
| Lenguaje: | eslovaco |
| Publicado: |
Žilina
Poradca
2018
|
| Materias: | |
| Etiquetas: |
Sin Etiquetas, Sea el primero en etiquetar este registro!
|
MARC
| LEADER | 00000nam a2200000 4500 | ||
|---|---|---|---|
| 001 | 0240735 | ||
| 005 | 20230109072931.0 | ||
| 022 | |a 1335-6127 | ||
| 041 | 0 | |a slo | |
| 044 | |a SK | ||
| 245 | 1 | 0 | |a Zákony V/2018 |b zborník úplných znení zákonov a súvisiacich predpisov k 1.1.2018 z oblasti verejnej správy, škôl a obcí |
| 264 | 1 | |a Žilina |b Poradca |c 2018 | |
| 300 | |a 560 s. | ||
| 610 | 2 | 0 | |a predpisy právne |
| 610 | 2 | 0 | |a legislatíva |
| 610 | 2 | 0 | |a pravidlá rozpočtové |
| 610 | 2 | 0 | |a záujmy verejné |
| 610 | 2 | 0 | |a služba štátna |
| 610 | 2 | 0 | |a školy |
| 610 | 2 | 0 | |a financovanie |
| 610 | 2 | 0 | |a obce |
| 610 | 2 | 0 | |a kraje |
| 610 | 2 | 0 | |a samospráva |
| 610 | 2 | 0 | |a správa verejná elektronická |
| 610 | 2 | 0 | |a Slovensko |